| 000 | 00546nam a22001937a 4500 | ||
|---|---|---|---|
| 003 | OSt | ||
| 005 | 20140310182453.0 | ||
| 008 | 130220t xxu||||| |||| 00| 0 eng d | ||
| 020 | _a9789715848305 | ||
| 050 |
_aQR 63 _b.M252 2009 |
||
| 100 |
_aMallari, Jose A. _98202 |
||
| 245 |
_aLaboratory manual in microbiology / _cJose A. Mallari. |
||
| 260 |
_aQuezon City : _bC& E Publishing Inc., _cc2009. |
||
| 300 |
_a119 p. : _c26 cm. _bill. ; |
||
| 700 |
_aBenitez, Petrona A. _98203 |
||
| 942 |
_2lcc _cSSLC |
||
| 999 |
_c13698 _d13698 |
||